000
00254nam a2200109Ia 4500
005
20251222154403.0
008
251222s9999||||xx |||||||||||||| ||spa||
082
_a
153.1/P59
100
_a
"Pinillos, José Luis"
245
0
_a
La mente humana
942
_c
LIB
999
_c
35365
_d
35365